000 004130000a22001690004500
003 MACL
005 20150707144411.0
008 150707b xxu||||| |||| 00| 0 eng d
040 _aMACL
_cMACL
041 _aEnglish
100 _aMohanty, Aliva
_91176
245 _aDevelopment Of Rural Women
260 _bYash Publications
_c2006
_aNew Delhi
350 _a690
650 _aSociology
_919
942 _cBK
_k307
_2ddc
999 _c8354
_d8354